Developing Areas (Record no. 487889)

MARC details
000 -LEADER
fixed length control field 00602nam a2200205Ia 4500
003 - CONTROL NUMBER IDENTIFIER
control field OSt
005 - DATE AND TIME OF LATEST TRANSACTION
control field 20220925173408.0
008 - FIXED-LENGTH DATA ELEMENTS--GENERAL INFORMATION
fixed length control field 220923b |||||||| |||| 00| 0 eng d
037 ## - SOURCE OF ACQUISITION
Terms of availability General Book
040 ## - CATALOGING SOURCE
Original cataloging agency RTL
Transcribing agency RTL
Language of cataloging eng
041 ## - LANGUAGE CODE
Source of code eng
Language code of text/sound track or separate title eng
245 #0 - TITLE STATEMENT
Title Developing Areas
Remainder of title A classed bibliography of the J
260 ## - PUBLICATION, DISTRIBUTION, ETC.
Place of publication, distribution, etc. Boston
Name of publisher, distributor, etc. Hall
Date of publication, distribution, etc. 1976
490 ## - SERIES STATEMENT
Volume/sequential designation V1 : Latin America and the Caribbean
942 ## - ADDED ENTRY ELEMENTS (KOHA)
Classification part Xa14,21,N7, L6.1-L6,3/BB
Koha item type General Books
Source of classification or shelving scheme Colon Classification (CC)
Holdings
Withdrawn status Lost status Damaged status Not for loan Home library Current library Date acquired Serial Enumeration / chronology Total Checkouts Full call number Barcode Date last seen Price effective from Koha item type
        Ratan Tata Library Ratan Tata Library 2022-09-25 V1 : Latin America and the Caribbean   Xa14,21,N7 L6.1-L6,3/BB RT0517948 2022-09-25 2022-09-25 General Books
Copyright @ Delhi University Library System